Taylor Swift song - one word at the time #21 - Statistics

General Stats
  • This quiz has been taken 17 times
  • The average score is 182 of 305
Answer Stats
Answer % Correct
I
94%
I′ll
94%
I've
94%
the
94%
The
94%
a
88%
A
88%
He
88%
love
88%
you
88%
to
81%
To
81%
ain't
75%
ain′t
75%
and
75%
And
75%
don't
75%
me
75%
be
69%
His
69%
my
69%
was
69%
we
69%
got
63%
is
63%
it
63%
It
63%
It's
63%
it′s
63%
knock
63%
of
63%
on
63%
The Life Of A Showgirl
63%
Wood
63%
wood
63%
ah
56%
all
56%
All
56%
eyes
56%
in
56%
opened
56%
see
56%
thighs
56%
your
56%
baby
50%
been
50%
by
50%
cat
50%
hard
50%
him
50%
key
50%
know
50%
magic
50%
our
50%
Redwood
50%
that
50%
That
50%
then
50%
tree
50%
wand
50%
admit
44%
black
44%
bouquet
44%
broken
44%
catch
44%
cocky
44%
crack
44%
curse
44%
dancing
44%
forever
44%
Forgive
44%
good
44%
I've
44%
laughed
44%
little
44%
loves
44%
mine
44%
need
44%
not
44%
rock
44%
sounds
44%
superstitious
44%
way
44%
bad
38%
bare
38%
Daisy's
38%
dark
38%
distraught
38%
gotta
38%
luck
38%
make
38%
matized
38%
naked
38%
over
38%
own
38%
sign
38%
Stepped
38%
took
38%
any
31%
back
31%
crossed
31%
did
31%
Fingers
31%
hand
31%
Never
31%
Penny's
31%
put
31%
Seems
31%
understood
31%
unlucky
31%
until
31%
bitchin′
25%
falling
25%
Girls
25%
Heights
25%
manhood
25%
New
25%
star
25%
wishing
25%
No matching quizzes found
Score Distribution
Percent of People with Each Score
Percentile by Number Answered
Your Score History
You have not taken this quiz